000 005290000a22001810004500
003 MACL
005 20160319115337.0
008 160319b xxu||||| |||| 00| 0 eng d
040 _aMACL
_cMACL
041 _aHindi
082 _a891.433
100 _aअज्ञेय
_947312
245 _aमेरी प्रिय कहानियाॅ
260 _bराजपाल एण्‍ड सन्‍ज
_c1975
_aनई दिल्‍ली
350 _a7
650 _aStories
_947313
942 _cHIN
_k891.433
_2ddc
999 _c26528
_d26528